Noticias sobre la historia y estado actual del cultivo de la vid y del comercio vinatero de Jerez de la Frontera / (Record no. 161355)

MARC details
000 -LEADER
campo de control de longitud fija 01117nam a22002535i 4500
001 - NÚMERO DE CONTROL
campo de control 161355
003 - IDENTIFICADOR DE NÚMERO DE CONTROL
campo de control ES-MaACL
005 - FECHA Y HORA DE LA ÚLTIMA TRANSACCIÓN
campo de control 20250724063423.0
008 - DATOS DE LONGITUD FIJA--INFORMACIÓN GENERAL
campo de control de longitud fija 010521s1868 sp |||| | spa d
040 ## - FUENTE DE CATALOGACIÓN
Centro catalogador/agencia de origen CCPB | B
Lengua de catalogación spa
Centro/agencia transcriptor CCPB | B
080 ## - NÚMERO DE LA CLASIFICACIÓN DECIMAL UNIVERSAL
Número de la Clasificación Decimal Universal 634.8(460.355)
080 ## - NÚMERO DE LA CLASIFICACIÓN DECIMAL UNIVERSAL
Número de la Clasificación Decimal Universal 663.21(460.355)
100 1# - ENTRADA PRINCIPAL--NOMBRE DE PERSONA
Nombre de persona Parada y Barreto, Diego Ignacio,
Fechas asociadas al nombre 1829-1881
Término indicativo de función/relación Autor
9 (RLIN) 130822
245 10 - MENCIÓN DEL TÍTULO
Título Noticias sobre la historia y estado actual del cultivo de la vid y del comercio vinatero de Jerez de la Frontera /
Mención de responsabilidad, etc. por el Ldo. D. Diego Parada y Barreto
260 ## - PUBLICACIÓN, DISTRIBUCIÓN, ETC.
Lugar de publicación, distribución, etc. Jerez :
Nombre del editor, distribuidor, etc. [s.n.],
Fecha de publicación, distribución, etc. 1868
Fabricante (Imp. del Guadalete, a cargo de Tomás Bueno)
300 ## - DESCRIPCIÓN FÍSICA
Extensión 152 páginas ;
Dimensiones 21 cm.
530 ## - NOTA DISPONIBLE DE FORMULARIO FÍSICO ADICIONAL
Nota de formato físico adicional disponible Disponible en formato digital
650 #4 - PUNTO DE ACCESO ADICIONAL DE MATERIA--TÉRMINO DE MATERIA
Término de materia o nombre geográfico como elemento de entrada Jerez-Xérès-Sherry (Vino)
9 (RLIN) 151878
650 #4 - PUNTO DE ACCESO ADICIONAL DE MATERIA--TÉRMINO DE MATERIA
Término de materia o nombre geográfico como elemento de entrada Viticultura-
Subdivisión geográfica Jerez de la Frontera
9 (RLIN) 17837
852 ## - LOCALIZACIÓN
Ubicación ES-MaACL
Ubicación en estantería Depósito folletos
Número de control de estantería T-852-F-8
Encuadernación Enc. en un vol. facticio
-- Holandesa, conservando cub. original
856 ## - LOCALIZACIÓN Y ACCESO ELECTRÓNICOS
Identificador Uniforme de Recursos <a href="https://bdh-rd.bne.es/viewer.vm?id=0000050857&page=1">https://bdh-rd.bne.es/viewer.vm?id=0000050857&page=1</a>
Texto de enlace Versión en línea
Nota pública (Biblioteca Digital Hispánica)
942 ## - ELEMENTOS DE ENTRADA SECUNDARIOS (KOHA)
Fuente del sistema de clasificación o colocación Clasificación decimal universal
Tipo de ítem Koha Libro impreso antiguo
Suprimir en OPAC No
Holdings
Estatus retirado Estado de pérdida Estado de daño No para préstamo Colección Biblioteca de origen Biblioteca actual Ubicación en estantería Fecha de adquisición Total de préstamos Signatura topográfica completa Código de barras Visto por última vez Precio de reemplazo Tipo de ítem Koha
        Colección de folletos Biblioteca del Ateneo de Madrid Biblioteca del Ateneo de Madrid Depósito folletos 17/01/2008   T-852-F-8 1169010 23/02/2023 23/02/2023 Folleto